The firm in society

Guardat en:
Dades bibliogràfiques
Autor principal: Donnelly, Graham
Format: Llibre
Idioma:Undetermined
Publicat: London Longman 1981
Matèries:
Etiquetes: Afegir etiqueta
Sense etiquetes, Sigues el primer a etiquetar aquest registre!
Thư viện lưu trữ: Trung tâm Học liệu Trường Đại học Cần Thơ
LEADER 00448nam a2200169Ia 4500
001 CTU_78123
008 210402s9999 xx 000 0 und d
082 |a 306.3 
082 |b D685 
100 |a Donnelly, Graham 
245 4 |a The firm in society 
245 0 |c Graham Donnelly 
260 |a London 
260 |b Longman 
260 |c 1981 
650 |a Business enterprises,Microeconomics 
980 |a Trung tâm Học liệu Trường Đại học Cần Thơ